000 01014nas a2200325 4500
001 BR0300451
003 BR-BrBNA
005 20231205103530.0
007 ta
008 230509b bl.|||p| |||| 00| 00por d
040 _aBR-BrBNA
_bpor
_cBiblioteca Nacional de Agricultura
041 _a(Pt)
072 _aL73
100 1 _aPorto, R.N.G.
100 1 _aSobestiansky, J.
245 1 _aAspectos físico-químicos, microbiológicos e histopatológicos do sistema urinário de matrizes suínas descartadas sem causa definida
650 _aSUÍNO
650 _aDOENÇA ANIMAL
650 _aBACTERIOLOGIA
650 _aBACTÉRIA PATOGÊNICA
650 _aINFECÇÃO
650 _aURINA
650 _aPROPRIEDADE FÍSICO-QUÍMICA
650 _aMICROBIOLOGIA
650 _aHISTOPATOLOGIA
650 _aANÁLISE DE LABORATÓRIO
773 0 _tVeterinária Notícias (Brazil)
_xISSN 0104-3463
_g(2002), v. 8(1) p. 135-136
_wBR0300451
909 _a202311
_bLúcia
_c55
_dLúcia Elande
942 _2AGRIS
_n0
_cANA
999 _c173359
_d173359